[Event "Weekend Vitinia"]
[Site "Roma ITA"]
[Date "1998.11.??"]
[Round "2"]
[White "Scacco, Mauro"]
[Black "Martelli, Andrea"]
[Result "1-0"]
[WhiteElo "2020"]
[BlackElo "1800"]
[PlyCount "87"]
[EventDate "1998.11.07"]

1. e4 e6 2. d4 d5 3. Nc3 Bb4 4. e5 c5 5. a3 Ba5 6. b4 cxd4 7. Nb5 Bc7 8. f4 Ne7
9. Nf3 Nbc6 10. Nfxd4 Bb8 11. Nxc6 Nxc6 12. Nd4 Bd7 13. Be3 a6 14. Nxc6 Bxc6
15. a4 O-O 16. Bc5 Re8 17. Bd3 Qd7 18. c3 b5 19. a5 Ba7 20. Bd4 Qe7 21. Qd2
Bxd4 22. cxd4 f5 23. Rc1 Rec8 24. Kf2 Be8 25. Be2 h6 26. g3 Bd7 27. Rc5 Rxc5
28. dxc5 Bc6 29. Qd4 Kh7 30. Bf3 g5 31. fxg5 Qxg5 32. h4 Qg6 33. Rd1 Rf8 34.
Qf4 Rg8 35. Rd4 Rg7 36. Kg2 Rg8 37. Be2 Rg7 38. Kh2 Rg8 39. g4 Qg7 40. Qg3 Kh8
41. g5 f4 42. Qxf4 hxg5 43. hxg5 Qxg5 44. Qh4+ 1-0

[Event "Weekend Vitinia"]
[Site "Roma ITA"]
[Date "1998.11.??"]
[Round "2"]
[White "Siraco, Maurizio"]
[Black "Corvi, Marco"]
[Result "1/2-1/2"]
[WhiteElo "2165"]
[BlackElo "2305"]
[PlyCount "98"]
[EventDate "1998.11.07"]

1. d4 f5 2. c4 Nf6 3. Nc3 e6 4. Nf3 Be7 5. e3 O-O 6. Bd3 d5 7. cxd5 exd5 8. Qc2
g6 9. O-O c6 10. Ne5 Nbd7 11. f4 Ne4 12. Nxd7 Bxd7 13. Nxe4 fxe4 14. Be2 g5 15.
g3 gxf4 16. exf4 Bh3 17. Rf2 Rc8 18. Be3 Qd7 19. Qd1 Rf7 20. Bh5 Rg7 21. Rc1
Rf8 22. Kh1 Qf5 23. Qe2 Kh8 24. Rg1 Rfg8 25. Qd1 a5 26. Rc2 Rg4 27. Bxg4 Bxg4
28. Qe1 Bf3+ 29. Rgg2 Qh3 30. Kg1 Bb4 31. Qf1 Bxg2 32. Qxg2 Qg4 33. Qe2 h5 34.
Qxg4 hxg4 35. Kg2 Kg7 36. h3 gxh3+ 37. Kxh3 Kf6 38. g4 Rh8+ 39. Kg3 Be1+ 40.
Bf2 Bxf2+ 41. Rxf2 Rh1 42. f5 Kg5 43. f6 Rh8 44. Rf5+ Kg6 45. Kf4 Rf8 46. g5
Rh8 47. Re5 Rh4+ 48. Kg3 Rh5 49. Kf4 Rh4+ 1/2-1/2

[Event "Weekend Vitinia"]
[Site "Roma ITA"]
[Date "1998.11.??"]
[Round "2"]
[White "Vannelli, Vittorio"]
[Black "Pierangeli, Andrea"]
[Result "1-0"]
[WhiteElo "1741"]
[BlackElo "1774"]
[PlyCount "109"]
[EventDate "1998.11.07"]

1. e4 e6 2. d4 d5 3. e5 c5 4. c3 Nc6 5. Nf3 Qb6 6. Bd3 Bd7 7. dxc5 Bxc5 8. O-O
a5 9. a4 Nge7 10. Kh1 Ng6 11. Re1 O-O 12. Bb5 Bxf2 13. Re2 Bc5 14. Nbd2 Qc7 15.
Nb3 Bb6 16. Bxc6 bxc6 17. h4 c5 18. h5 Ne7 19. Bg5 Bc6 20. Nbd2 h6 21. Be3 Nf5
22. Bf2 c4 23. Nd4 Bxd4 24. cxd4 Rab8 25. g4 Ne7 26. Nf3 Rb3 27. Nd2 Rxb2 28.
Be3 Rfb8 29. Re1 Be8 30. Qf3 Kh7 31. Nf1 Ng8 32. g5 Qe7 33. Qg4 R8b3 34. Nh2
hxg5 35. Bxg5 Qf8 36. Nf3 Nh6 37. Qf4 Nf5 38. Bd8 Rxf3 39. Qxf3 Nxd4 40. Qc3
Nc6 41. Qxb2 Nxd8 42. Qc3 Nc6 43. Qc2+ Kh8 44. Rg1 Ne7 45. h6 gxh6 46. Raf1 Nf5
47. Rxf5 exf5 48. Qxf5 Qe7 49. Qf4 Qe6 50. Rg4 Bxa4 51. Qg3 Qe8 52. Qh4 Qe6 53.
Qd8+ Be8 54. Qh4 Bd7 55. Qd8+ 1-0

[Event "Weekend Vitinia"]
[Site "Roma ITA"]
[Date "1998.11.??"]
[Round "3"]
[White "Chiaretti, Roberto"]
[Black "Quimi, Marco"]
[Result "1-0"]
[WhiteElo "2220"]
[BlackElo "2250"]
[PlyCount "79"]
[EventDate "1998.11.07"]

1. c4 Nf6 2. Nc3 e5 3. Nf3 Nc6 4. g3 Bc5 5. Bg2 a5 6. O-O d6 7. d3 h6 8. a3 Bg4
9. h3 Be6 10. e4 O-O 11. Be3 Nd4 12. Bxd4 exd4 13. Ne2 Nh7 14. Nexd4 Ng5 15. h4
Nxf3+ 16. Nxf3 Bg4 17. d4 Ba7 18. Qd3 f5 19. Nh2 fxe4 20. Qxe4 Bc8 21. b4 c6
22. c5 d5 23. Qe3 Bf5 24. f4 b6 25. Nf3 bxc5 26. bxc5 Rb8 27. Ne5 Re8 28. Qc3
Qc7 29. Rae1 a4 30. Qf3 Rb3 31. Qh5 Rf8 32. g4 Be4 33. Rxe4 dxe4 34. Bxe4 Qd8
35. Nxc6 Qf6 36. g5 Rg3+ 37. Kh2 Qe6 38. Bd5 Qxd5 39. Ne7+ Kh8 40. Nxd5 1-0

[Event "Weekend Vitinia"]
[Site "Roma ITA"]
[Date "1998.11.??"]
[Round "3"]
[White "Corvi, Marco"]
[Black "Scacco, Mauro"]
[Result "1-0"]
[WhiteElo "2305"]
[BlackElo "2020"]
[PlyCount "129"]
[EventDate "1998.11.07"]

1. c4 Nf6 2. Nc3 g6 3. g3 Bg7 4. Bg2 d6 5. e3 O-O 6. Nge2 Nc6 7. O-O e5 8. d3
Bf5 9. h3 Re8 10. e4 Bd7 11. Be3 a6 12. Qd2 Rb8 13. b3 Nh5 14. g4 Nf4 15. Nxf4
exf4 16. Bxf4 Nd4 17. Rae1 b5 18. Ne2 Ne6 19. Be3 bxc4 20. dxc4 Bc6 21. Nd4
Bxd4 22. Bxd4 g5 23. Be3 f6 24. f4 gxf4 25. Bxf4 Nc5 26. Qd4 Re6 27. Bc1 Qe7
28. Bb2 Nxe4 29. g5 Re5 30. gxf6 Nxf6 31. Bxc6 Rxe1 32. Bd5+ Kf8 33. Qxf6+ Qxf6
34. Bxf6 Rxf1+ 35. Kxf1 Ke8 36. Be6 c6 37. Kf2 a5 38. Bc3 Ke7 39. Bg4 Ra8 40.
Bf3 Kd7 41. Be4 Kc7 42. Ke3 a4 43. Bxh7 a3 44. h4 Re8+ 45. Kd3 Re7 46. Bg6 Re6
47. h5 Kd8 48. Be4 d5 49. cxd5 cxd5 50. Bxd5 Rh6 51. Bf7 Rd6+ 52. Bd4 Rc6 53.
Bc4 Rh6 54. Kc3 Rxh5 55. Kb4 Rh2 56. Kxa3 Kd7 57. Bc5 Kc6 58. b4 Kb7 59. Ka4
Rb2 60. Kb5 Rb1 61. a4 Rb2 62. Bd5+ Kb8 63. Kb6 Rb1 64. a5 Rd1 65. Be6 1-0

[Event "Weekend Vitinia"]
[Site "Roma ITA"]
[Date "1998.11.??"]
[Round "3"]
[White "De Carolis, Massimo"]
[Black "Puliatti, Carlo"]
[Result "1-0"]
[WhiteElo "1726"]
[BlackElo "1701"]
[PlyCount "81"]
[EventDate "1998.11.07"]

1. e4 e5 2. Nf3 Nc6 3. Bb5 a6 4. Ba4 Nf6 5. O-O Be7 6. Re1 b5 7. Bb3 O-O 8. c3
d5 9. exd5 Nxd5 10. Nxe5 Nxe5 11. Rxe5 c6 12. d4 Bd6 13. Re1 Qh4 14. g3 Qh3 15.
Qd3 Bg4 16. Be3 f5 17. Qf1 Qh5 18. f4 Kh8 19. Bxd5 cxd5 20. Nd2 Rf6 21. Nb3 Rh6
22. Qf2 Re8 23. Nc5 Bxc5 24. dxc5 Rhe6 25. c6 Rxc6 26. Bd4 Rce6 27. Rxe6 Rxe6
28. Be5 Bf3 29. a4 bxa4 30. Rxa4 Be4 31. Ra1 Qg4 32. Qa7 h5 33. Qf2 h4 34. Re1
Rh6 35. Re3 Rg6 36. Kf1 Qd1+ 37. Qe1 Qc2 38. Qe2 Qb1+ 39. Kf2 Qh1 40. Qh5+ Rh6
41. Qxh6+ 1-0

[Event "Weekend Vitinia"]
[Site "Roma ITA"]
[Date "1998.11.??"]
[Round "3"]
[White "Farina, Saverio"]
[Black "Siraco, Maurizio"]
[Result "1-0"]
[WhiteElo "2170"]
[BlackElo "2165"]
[PlyCount "107"]
[EventDate "1998.11.07"]

1. d4 Nf6 2. c4 e5 3. e3 exd4 4. exd4 Bb4+ 5. Nc3 O-O 6. Nf3 Re8+ 7. Be2 Qe7 8.
Bg5 d6 9. Bxf6 gxf6 10. Qd2 Nc6 11. O-O Bg4 12. Rfe1 Qf8 13. a3 Bxc3 14. bxc3
Qg7 15. Nh4 Bxe2 16. Rxe2 Qg5 17. Nf3 Qxd2 18. Rxe8+ Rxe8 19. Nxd2 Re2 20. Rd1
Ne7 21. Kf1 Re6 22. Re1 Nc8 23. f4 Rxe1+ 24. Kxe1 f5 25. Ke2 Kg7 26. g3 Kg6 27.
Nf1 Nb6 28. Ne3 Nd7 29. Nd5 c6 30. Ne7+ Kf6 31. Nc8 Ke6 32. Nxa7 Nb6 33. Kd3
Kd7 34. c5 dxc5 35. dxc5 Na4 36. Kd4 f6 37. h4 h5 38. c4 Kc7 39. Nb5+ cxb5 40.
cxb5 Kd7 41. Kc4 Nb2+ 42. Kd5 Ke7 43. c6 b6 44. c7 Kd7 45. c8=Q+ Kxc8 46. Ke6
Nc4 47. a4 Nb2 48. Kxf6 Nxa4 49. Kg5 Nc3 50. Kxh5 Nxb5 51. Kg6 Nd4 52. h5 Kd7
53. h6 Ne6 54. Kf7 1-0

[Event "Weekend Vitinia"]
[Site "Roma ITA"]
[Date "1998.11.??"]
[Round "3"]
[White "Guarnieri, Giuseppe"]
[Black "Ciotoli, Patrizio"]
[Result "0-1"]
[WhiteElo "1813"]
[BlackElo "1947"]
[PlyCount "71"]
[EventDate "1998.11.07"]

1. Nf3 Nf6 2. g3 g6 3. Bg2 Bg7 4. O-O O-O 5. c4 c5 6. Nc3 d6 7. d3 Nc6 8. h3 a6
9. e4 Rb8 10. a4 e5 11. Bg5 h6 12. Be3 Be6 13. Kh2 Nd4 14. Nd2 Nh7 15. f4 f5
16. Bxd4 exd4 17. Nd5 Nf6 18. a5 Bxd5 19. cxd5 fxe4 20. dxe4 Re8 21. Re1 Qc7
22. Nc4 Nd7 23. Qg4 Kh7 24. e5 dxe5 25. Be4 Nf8 26. f5 gxf5 27. Bxf5+ Kh8 28.
d6 Qd8 29. h4 Qf6 30. Rf1 Qf7 31. Nb6 Qg8 32. Rae1 Rbd8 33. Rf3 Nh7 34. Ref1
Nf6 35. Qg6 e4 36. R3f2 0-1

[Event "Weekend Vitinia"]
[Site "Roma ITA"]
[Date "1998.11.??"]
[Round "3"]
[White "Mogranzini, Roberto"]
[Black "Vannelli, Vittorio"]
[Result "1-0"]
[WhiteElo "1834"]
[BlackElo "1741"]
[PlyCount "85"]
[EventDate "1998.11.07"]

1. d4 Nf6 2. c4 g6 3. Nc3 Bg7 4. e4 O-O 5. Bd3 d6 6. Nge2 c6 7. f3 e5 8. dxe5
dxe5 9. Be3 Qe7 10. O-O Be6 11. Qc2 Na6 12. Rad1 Nb4 13. Qa4 Nd7 14. c5 Nxd3
15. Rxd3 f5 16. Rfd1 f4 17. Bf2 g5 18. Qc2 h5 19. b4 g4 20. Qd2 Rf7 21. Kh1 Bh6
22. Rd6 Bg5 23. Qd3 Kh8 24. Kg1 h4 25. Kf1 Raf8 26. Ng1 Nf6 27. Ke2 g3 28. hxg3
fxg3 29. Be3 Nh7 30. Kd2 Bf4 31. Nge2 Ng5 32. Nxf4 exf4 33. Bd4+ Kg8 34. Ne2 h3
35. gxh3 Nxh3 36. Bb2 Nf2 37. Qd4 Rh7 38. Rg1 Qf7 39. Qxf2 Bxa2 40. Rxg3+ fxg3
41. Qxg3+ Rg7 42. Bxg7 Qxf3 43. Qg5 1-0

[Event "Weekend Vitinia"]
[Site "Roma ITA"]
[Date "1998.11.??"]
[Round "3"]
[White "Occhipinti, Massimo"]
[Black "Ferri, Stefano"]
[Result "0-1"]
[WhiteElo "1695"]
[BlackElo "2090"]
[PlyCount "162"]
[EventDate "1998.11.07"]

1. e4 c5 2. Nc3 d6 3. f4 g6 4. Nf3 Bg7 5. Bc4 e6 6. O-O Ne7 7. d3 O-O 8. f5
exf5 9. Qe1 Kh8 10. Bg5 f6 11. Qh4 Nbc6 12. Bh6 Na5 13. Rad1 fxe4 14. Bxg7+
Kxg7 15. Qxe4 Bf5 16. Qf4 d5 17. Bb3 Nxb3 18. axb3 d4 19. Ne4 Nd5 20. Qh4 Bxe4
21. dxe4 Ne3 22. Rd3 Nxf1 23. Kxf1 Qe8 24. Kg1 Rd8 25. Nd2 b5 26. Rh3 h5 27. g4
Rh8 28. g5 Rf8 29. gxf6+ Rxf6 30. Qg5 Kf7 31. Qxc5 Qd7 32. Rg3 Rc8 33. Qg5 Qc6
34. c4 dxc3 35. bxc3 Qc5+ 36. Qe3 Rd6 37. Qxc5 Rxc5 38. Nf3 Kg7 39. Nd4 Kh6 40.
h4 b4 41. Ne2 Rd1+ 42. Kf2 bxc3 43. Nxc3 Rh1 44. Re3 Rxh4 45. e5 Rf4+ 46. Kg3
Rf7 47. b4 Rc4 48. e6 Rf8 49. e7 Re8 50. Nd5 Kg7 51. Kf3 Kf7 52. Re5 Rd4 53. b5
Rxd5 54. Rxd5 Rxe7 55. Kf4 Ke6 56. Rc5 Rf7+ 57. Kg3 Rf5 58. Rc6+ Kf7 59. Rc7+
Kf6 60. Rb7 Kg5 61. Kh3 Rf3+ 62. Kg2 Ra3 63. Rc7 h4 64. Rc5+ Kh6 65. Rc6 Kh5
66. Rc5+ g5 67. Rc8 h3+ 68. Kh2 Kh4 69. Rh8+ Kg4 70. Rc8 Ra2+ 71. Kh1 Kg3 72.
Rc3+ Kh4 73. Rb3 g4 74. b6 axb6 75. Rb1 Ra6 76. Kh2 g3+ 77. Kh1 h2 78. Rb4+ Kg5
79. Rb1 Kf4 80. Kg2 Ra2+ 81. Kh1 Ke4 0-1

[Event "Weekend Vitinia"]
[Site "Roma ITA"]
[Date "1998.11.??"]
[Round "3"]
[White "Pierangeli, Andrea"]
[Black "Galdelli, Fabiano"]
[Result "1-0"]
[WhiteElo "1774"]
[BlackElo "1621"]
[PlyCount "77"]
[EventDate "1998.11.07"]

1. e4 c5 2. Nf3 e6 3. d4 cxd4 4. Nxd4 Nf6 5. Bd3 Nc6 6. c3 d5 7. Nxc6 bxc6 8.
e5 Nd7 9. Bf4 Qc7 10. Qe2 a5 11. O-O Nc5 12. Re1 Rb8 13. b3 Nxd3 14. Qxd3 Be7
15. Qg3 g5 16. Bc1 Ba6 17. Nd2 h5 18. Nf3 g4 19. Nd4 c5 20. Nc2 Kd7 21. f4 gxf3
22. Qxf3 Rbf8 23. Bf4 Rfg8 24. Rad1 Ke8 25. Rd2 h4 26. Rf2 Bg5 27. Ne3 Bd3 28.
Bxg5 Be4 29. Qf6 Rh5 30. Bxh4 Rg6 31. Qf4 Rgh6 32. Bg3 Bf5 33. Nxf5 exf5 34.
Qe3 Qe7 35. Bf4 Rg6 36. Kf1 Qb7 37. Qf3 Qa6+ 38. c4 Rh4 39. Qxd5 1-0

[Event "Weekend Vitinia"]
[Site "Roma ITA"]
[Date "1998.11.??"]
[Round "3"]
[White "Simeoni, Matteo"]
[Black "Micaloni, Mario"]
[Result "1-0"]
[WhiteElo "2035"]
[BlackElo "1702"]
[PlyCount "69"]
[EventDate "1998.11.07"]

1. e4 c5 2. Nf3 Nc6 3. d4 cxd4 4. Nxd4 Nf6 5. Nc3 e5 6. Ndb5 d6 7. Nd5 Nxd5 8.
exd5 Ne7 9. c4 f5 10. Bg5 a6 11. Qa4 Kf7 12. c5 Qd7 13. Nxd6+ Kg6 14. Qxd7 Bxd7
15. Bxe7 Bxe7 16. Nxb7 Bc8 17. c6 Bb4+ 18. Kd1 Bxb7 19. cxb7 Ra7 20. Rc1 Rxb7
21. Rc6+ Kg5 22. h4+ Kf4 23. Bxa6 Rbb8 24. Rh3 e4 25. a3 Ba5 26. b4 Bb6 27. Ke2
Rhe8 28. Re6 Rxe6 29. dxe6 Bd8 30. Rc3 Bxh4 31. g3+ Bxg3 32. Rxg3 Rb6 33. e7
Re6 34. Rxg7 h5 35. Bb5 1-0

[Event "Weekend Vitinia"]
[Site "Roma ITA"]
[Date "1998.11.??"]
[Round "3"]
[White "Trebeschi, Andrea"]
[Black "Russi, Roberto"]
[Result "0-1"]
[WhiteElo "1675"]
[BlackElo "1600"]
[PlyCount "118"]
[EventDate "1998.11.07"]

1. e4 g6 2. d4 Bg7 3. Be3 d6 4. c4 c5 5. Nc3 cxd4 6. Bxd4 Nf6 7. Nd5 Nbd7 8.
Ne2 e5 9. Nxf6+ Nxf6 10. Bc3 Nxe4 11. f3 Nxc3 12. Nxc3 O-O 13. Qd2 Be6 14. Nd5
Bxd5 15. Qxd5 Qb6 16. Be2 Qxb2 17. Rd1 Qxa2 18. Rd2 Qb1+ 19. Rd1 Qb4+ 20. Kf1
Rfd8 21. g3 Bh6 22. Kg2 Qb2 23. Rhe1 b6 24. Kh3 Rac8 25. Ra1 Qd2 26. Qb7 Ra8
27. Bf1 Qf2 28. Red1 a5 29. Rab1 Be3 30. c5 Bxc5 31. Bc4 Rf8 32. Bxf7+ Kh8 33.
Rf1 Qc2 34. g4 Qd2 35. f4 e4 36. Rbd1 Qc3+ 37. Kg2 Qg7 38. Bd5 Qxb7 39. Bxb7
Rae8 40. Kg3 e3 41. Rfe1 Re7 42. Bd5 a4 43. Kf3 a3 44. Rc1 Ra7 45. Ba2 Ra4 46.
Rc4 Rfa8 47. Rc2 Rb4 48. Rxc5 dxc5 49. Rxe3 Rb2 50. Re2 b5 51. f5 gxf5 52. gxf5
Rf8 53. Ke3 Rxe2+ 54. Kxe2 Rxf5 55. h4 Rh5 56. Kd3 Rxh4 57. Kc2 Rh2+ 58. Kb1
Rxa2 59. Kxa2 b4 0-1

[Event "Weekend Vitinia"]
[Site "Roma ITA"]
[Date "1998.11.??"]
[Round "3"]
[White "Vignato, Giovanni"]
[Black "Gardon, Ermanno"]
[Result "0-1"]
[WhiteElo "2150"]
[BlackElo "2110"]
[PlyCount "40"]
[EventDate "1998.11.07"]

1. d4 Nf6 2. Bg5 e6 3. e3 c5 4. c3 Qb6 5. Qb3 Ne4 6. Bf4 Nc6 7. Bd3 Nf6 8. Nd2
d5 9. Ngf3 Qd8 10. Qc2 Be7 11. b3 a6 12. a4 Bd7 13. g4 Rc8 14. g5 Nh5 15. dxc5
Bxc5 16. g6 hxg6 17. Rg1 Nxf4 18. exf4 Qf6 19. Ng5 Rxh2 20. O-O-O Nb4 0-1

[Event "Weekend Vitinia"]
[Site "Roma ITA"]
[Date "1998.11.??"]
[Round "4"]
[White "Ciotoli, Patrizio"]
[Black "Chiaretti, Roberto"]
[Result "1-0"]
[WhiteElo "1947"]
[BlackElo "2220"]
[PlyCount "87"]
[EventDate "1998.11.07"]

1. d4 e6 2. Nf3 d5 3. Bg5 Be7 4. Bxe7 Qxe7 5. c3 Nf6 6. e3 O-O 7. Bd3 Nbd7 8.
Nbd2 e5 9. Nxe5 Nxe5 10. dxe5 Qxe5 11. Nf3 Qe7 12. h3 Be6 13. Qc2 Rad8 14. O-O
Rfe8 15. Ng5 h6 16. Nxe6 Qxe6 17. Rad1 c5 18. c4 d4 19. Bf5 Qe5 20. exd4 Rxd4
21. Rxd4 Qxd4 22. Rd1 Qf4 23. Bd3 b6 24. Be2 Ne4 25. Bf3 Nd6 26. Bd5 Nf5 27. g3
Qg5 28. Qd3 Nd4 29. b4 Re2 30. bxc5 bxc5 31. Rb1 Rb2 32. Rxb2 Qc1+ 33. Kg2 Qxb2
34. Qg6 Qb7 35. Qd6 Qc8 36. Qe7 Ne6 37. Qxa7 Qc7 38. Qa8+ Kh7 39. Bxe6 fxe6 40.
a4 Qd7 41. a5 Qd3 42. a6 e5 43. a7 e4 44. Qf8 1-0

[Event "Weekend Vitinia"]
[Site "Roma ITA"]
[Date "1998.11.??"]
[Round "4"]
[White "Farina, Saverio"]
[Black "Corvi, Marco"]
[Result "0-1"]
[WhiteElo "2170"]
[BlackElo "2305"]
[PlyCount "82"]
[EventDate "1998.11.07"]

1. d4 f5 2. c4 e6 3. Nc3 Nf6 4. Nf3 Be7 5. Bf4 O-O 6. e3 d6 7. Be2 a5 8. c5 Nh5
9. cxd6 cxd6 10. O-O Nxf4 11. exf4 d5 12. Ne5 Nc6 13. Rc1 Bd7 14. Re1 Nxe5 15.
fxe5 Qb6 16. Qd3 Rac8 17. Rc2 Rc7 18. f4 Rfc8 19. Kh1 Kh8 20. Rd1 a4 21. a3 Qb3
22. Rdc1 Qb6 23. Qd2 Qa5 24. Bd3 b5 25. Nb1 Rxc2 26. Rxc2 Rxc2 27. Bxc2 Qxd2
28. Nxd2 g5 29. g3 Bd8 30. fxg5 Bxg5 31. Nf3 Bc1 32. b3 Bxa3 33. Kg2 Bb4 34.
bxa4 bxa4 35. Kf2 a3 36. Bb1 h6 37. Ne1 Bxe1+ 38. Kxe1 Bb5 39. Kd2 Bc4 40. Kc3
a2 41. Bxa2 Bxa2 0-1

[Event "Weekend Vitinia"]
[Site "Roma ITA"]
[Date "1998.11.??"]
[Round "4"]
[White "Galdelli, Fabiano"]
[Black "Occhipinti, Massimo"]
[Result "0-1"]
[WhiteElo "1621"]
[BlackElo "1695"]
[PlyCount "108"]
[EventDate "1998.11.07"]

1. e4 g6 2. d4 Bg7 3. Nc3 d6 4. Bg5 h6 5. Bh4 Nd7 6. f4 c6 7. Nf3 Qb6 8. Rb1
Ngf6 9. e5 Nd5 10. Nxd5 cxd5 11. Bd3 dxe5 12. fxe5 O-O 13. Bf2 Qa5+ 14. c3 Nb6
15. Qb3 Be6 16. O-O Rab8 17. Qc2 Nc4 18. Nd2 b5 19. a3 Qc7 20. Nb3 a5 21. Nc5
Rb6 22. Bxc4 bxc4 23. b4 Bf5 24. Qd2 Bxb1 25. Rxb1 axb4 26. cxb4 Rfb8 27. Bg3
e6 28. Bf4 g5 29. Be3 f5 30. a4 f4 31. Bf2 Qf7 32. a5 Rb5 33. a6 Qg6 34. Qe1 c3
35. a7 Ra8 36. Ra1 Rxb4 37. Qxc3 Rb1+ 38. Be1 Rxa1 39. Qxa1 Bf8 40. Nd7 Qf7 41.
Qa4 Kg7 42. h4 Qe8 43. hxg5 hxg5 44. Bd2 Be7 45. Kf2 Kg6 46. g3 fxg3+ 47. Kxg3
Bd8 48. Bb4 Qf7 49. Qc2+ Kg7 50. Qa4 Qf4+ 51. Kg2 g4 52. Bc5 Qf3+ 53. Kg1 Bg5
54. Bf8+ Rxf8 0-1

[Event "Weekend Vitinia"]
[Site "Roma ITA"]
[Date "1998.11.??"]
[Round "4"]
[White "Gardon, Ermanno"]
[Black "Guarnieri, Giuseppe"]
[Result "1-0"]
[WhiteElo "2110"]
[BlackElo "1813"]
[PlyCount "37"]
[EventDate "1998.11.07"]

1. e4 e6 2. d4 d5 3. Nc3 Bb4 4. exd5 Bxc3+ 5. bxc3 exd5 6. Bd3 Ne7 7. Qf3 O-O
8. Ne2 c6 9. Bf4 Nd7 10. h4 Re8 11. h5 f6 12. Qg3 Kh8 13. Bc7 Nf5 14. Bxf5 Qe7
15. Bd3 Nb6 16. O-O Nc4 17. Nf4 Qf7 18. Rfe1 Bd7 19. Bg6 1-0

[Event "Weekend Vitinia"]
[Site "Roma ITA"]
[Date "1998.11.??"]
[Round "4"]
[White "Martelli, Andrea"]
[Black "De Carolis, Massimo"]
[Result "1/2-1/2"]
[WhiteElo "1800"]
[BlackElo "1726"]
[PlyCount "86"]
[EventDate "1998.11.07"]

1. Nf3 Nf6 2. g3 g6 3. Bg2 Bg7 4. O-O O-O 5. d3 d6 6. Nbd2 e5 7. e4 Nc6 8. c3
Ne8 9. Nc4 Be6 10. Ne3 f5 11. exf5 gxf5 12. Nh4 d5 13. Qb3 Na5 14. Qb4 b6 15.
c4 c6 16. cxd5 cxd5 17. f4 e4 18. dxe4 dxe4 19. Rd1 Qc7 20. Nd5 Qc4 21. Qxc4
Nxc4 22. Rb1 Kh8 23. b3 Na5 24. Bb2 Rd8 25. Bxg7+ Nxg7 26. Ne3 Nb7 27. Bh3 Nc5
28. Bf1 Kg8 29. Rbc1 a5 30. Bh3 Rd3 31. Rxd3 exd3 32. Rd1 Re8 33. Nexf5 Bxf5
34. Nxf5 Re2 35. Nxg7 Kxg7 36. Bf1 Rxa2 37. b4 axb4 38. Bxd3 b3 39. Bc4 Rc2 40.
Bxb3 Nxb3 41. Rd7+ Kg8 42. Rd8+ Kg7 43. Rd7+ Kg8 1/2-1/2

[Event "Weekend Vitinia"]
[Site "Roma ITA"]
[Date "1998.11.??"]
[Round "4"]
[White "Micaloni, Mario"]
[Black "Pierangeli, Andrea"]
[Result "1-0"]
[WhiteElo "1702"]
[BlackElo "1774"]
[PlyCount "89"]
[EventDate "1998.11.07"]

1. e4 e5 2. Nf3 Nc6 3. Bb5 Nge7 4. O-O a6 5. Be2 Ng6 6. d4 d6 7. d5 Nce7 8. h4
Bg4 9. g3 Qd7 10. Ng5 Bxe2 11. Qxe2 h6 12. Nxf7 Kxf7 13. Qf3+ Nf5 14. exf5 Ne7
15. Qh5+ g6 16. fxg6+ Nxg6 17. f4 Qh3 18. Rf3 e4 19. Re3 Kg7 20. b3 Kh7 21. g4
Qxh4 22. Qxh4 Nxh4 23. Kh2 Bg7 24. c3 Rae8 25. Nd2 Rhf8 26. Kg3 Ng6 27. f5 Be5+
28. Kf2 Nf4 29. Nxe4 Nxd5 30. Rh3 Bg7 31. Kf3 Nxc3 32. Nxc3 Bxc3 33. Rxh6+ Kg8
34. Rb1 Rf6 35. Rxf6 Bxf6 36. g5 Bc3 37. Bf4 Re1 38. Rxe1 Bxe1 39. Kg4 Bc3 40.
f6 d5 41. Kf5 c6 42. g6 Bb4 43. Bh6 d4 44. f7+ Kh8 45. Kf6 1-0

[Event "Weekend Vitinia"]
[Site "Roma ITA"]
[Date "1998.11.??"]
[Round "4"]
[White "Puliatti, Carlo"]
[Black "Trebeschi, Andrea"]
[Result "1/2-1/2"]
[WhiteElo "1701"]
[BlackElo "1675"]
[PlyCount "61"]
[EventDate "1998.11.07"]

1. e4 d6 2. d4 Nf6 3. Nc3 g6 4. f4 Bg7 5. Nf3 c5 6. Be3 cxd4 7. Nxd4 O-O 8. Be2
a6 9. O-O Qc7 10. Kh1 Nc6 11. Qd2 Bd7 12. Bf3 Rac8 13. Rad1 b5 14. Nxc6 Bxc6
15. a3 Nd7 16. Bd4 Bxd4 17. Qxd4 Qb6 18. Qd2 Qc7 19. e5 Bxf3 20. Rxf3 Rfd8 21.
exd6 exd6 22. Qxd6 Nb6 23. Qxc7 Rxd1+ 24. Nxd1 Rxc7 25. Ne3 Na4 26. b3 Nc3 27.
g3 Nb1 28. a4 bxa4 29. bxa4 Rc3 30. Kg2 Na3 31. h4 1/2-1/2

[Event "Weekend Vitinia"]
[Site "Roma ITA"]
[Date "1998.11.??"]
[Round "4"]
[White "Quimi, Marco"]
[Black "Ferri, Stefano"]
[Result "1-0"]
[WhiteElo "2250"]
[BlackElo "2090"]
[PlyCount "85"]
[EventDate "1998.11.07"]

1. c4 Nf6 2. Nf3 g6 3. g3 Bg7 4. Bg2 O-O 5. O-O d5 6. d4 Na6 7. Nc3 c6 8. Ne5
dxc4 9. Nxc4 Be6 10. Ne5 Nc7 11. e4 Qc8 12. Be3 Rd8 13. Qc2 Ng4 14. Nxg4 Bxg4
15. f3 Be6 16. Rfd1 Ne8 17. Ne2 Nd6 18. Rac1 Qd7 19. b3 h5 20. Nf4 Rac8 21.
Nxe6 Qxe6 22. Qf2 f5 23. e5 Nb5 24. Bf1 Nc7 25. Bc4 Nd5 26. a4 Kh7 27. Bg5 a6
28. a5 Rf8 29. Qd2 Qd7 30. Kh1 e6 31. Rg1 Rf7 32. Rg2 Rh8 33. g4 hxg4 34. fxg4
Kg8 35. gxf5 Rxf5 36. Bd3 Kf8 37. Bxf5 gxf5 38. Rcg1 Qf7 39. Bf4 Rh7 40. Rg6
Ne7 41. Qb4 Ke8 42. Qxb7 Nxg6 43. Qc8+ 1-0

[Event "Weekend Vitinia"]
[Site "Roma ITA"]
[Date "1998.11.??"]
[Round "4"]
[White "Russi, Roberto"]
[Black "Siraco, Maurizio"]
[Result "0-1"]
[WhiteElo "1600"]
[BlackElo "2165"]
[PlyCount "126"]
[EventDate "1998.11.07"]

1. c4 e5 2. Nc3 Nf6 3. Nf3 Nc6 4. d4 exd4 5. Nxd4 Be7 6. Nf5 O-O 7. Nxe7+ Qxe7
8. Bg5 Qe5 9. Qd2 Ne4 10. Nxe4 Qxe4 11. f3 Qxc4 12. e4 Qb4 13. Qxb4 Nxb4 14.
O-O-O Nc6 15. Bb5 d6 16. h4 Be6 17. Kb1 f5 18. Bxc6 bxc6 19. exf5 Bxf5+ 20. Kc1
Rfe8 21. Rhe1 Kf7 22. Kd2 Be6 23. a3 a5 24. Rc1 c5 25. Rc3 Rab8 26. Kc1 Rb3 27.
Bd2 a4 28. Rce3 Rxe3 29. Rxe3 Bd5 30. Kc2 Rxe3 31. Bxe3 Ke6 32. Kd3 g6 33. Bd2
Bb3 34. Bh6 Bd5 35. Bg5 Bb7 36. Bh6 Ba6+ 37. Kc3 d5 38. Bf8 d4+ 39. Kd2 Kd5 40.
Be7 Bc8 41. Bf8 h5 42. Be7 Bf5 43. Bf8 Kc4 44. Be7 Kb3 45. Bxc5 Kxb2 46. Be7
Kb3 47. g4 hxg4 48. fxg4 Be4 49. h5 gxh5 50. gxh5 Kc4 51. h6 c5 52. Bf8 Kd5 53.
Be7 Bh7 54. Bf8 c4 55. Bb4 Kc6 56. Bf8 Kb5 57. Bb4 Bg6 58. Bf8 c3+ 59. Kc1 Bh7
60. Bb4 Kc4 61. Bf8 d3 62. Bg7 d2+ 63. Kd1 Kd3 0-1

[Event "Weekend Vitinia"]
[Site "Roma ITA"]
[Date "1998.11.??"]
[Round "4"]
[White "Scacco, Mauro"]
[Black "Spano' Cuomo, Gaetano"]
[Result "1-0"]
[WhiteElo "2020"]
[BlackElo "1776"]
[PlyCount "58"]
[EventDate "1998.11.07"]

1. e4 e5 2. Nf3 Nc6 3. Bb5 Nf6 4. O-O d6 5. Qe2 Bg4 6. c3 Be7 7. h3 Bxf3 8.
Qxf3 O-O 9. d3 Nd7 10. Be3 Bg5 11. Nd2 Qf6 12. Qg4 Bxe3 13. fxe3 Qe7 14. a3
Rae8 15. Bc4 Nc5 16. Qe2 Nd8 17. Rf2 Kh8 18. Raf1 g6 19. b4 Nd7 20. Qg4 Ne6 21.
h4 Ng7 22. Rxf7 Nf6 23. R1xf6 Qxf6 24. Rxf6 Rxf6 25. Qd7 Ref8 26. Nf3 h6 27. d4
exd4 28. cxd4 g5 29. hxg5 hxg5 1-0

[Event "Weekend Vitinia"]
[Site "Roma ITA"]
[Date "1998.11.??"]
[Round "5"]
[White "Chiaretti, Roberto"]
[Black "Gardon, Ermanno"]
[Result "1-0"]
[WhiteElo "2220"]
[BlackElo "2110"]
[PlyCount "43"]
[EventDate "1998.11.07"]

1. c4 Nf6 2. Nc3 c5 3. Nf3 g6 4. g3 Bg7 5. Bg2 Nc6 6. O-O O-O 7. d4 cxd4 8.
Nxd4 e5 9. Ndb5 a6 10. Nd6 Qc7 11. b3 Rd8 12. Bb2 Ne8 13. Nxc8 Rdxc8 14. Qd2
Rab8 15. Rfd1 d6 16. Rdc1 Nd4 17. e3 Ne6 18. Nd5 Qd8 19. Bc3 Nc5 20. Ba5 b6 21.
Nxb6 Nb7 22. Nxc8 1-0

[Event "Weekend Vitinia"]
[Site "Roma ITA"]
[Date "1998.11.??"]
[Round "5"]
[White "Corvi, Marco"]
[Black "Ciotoli, Patrizio"]
[Result "1/2-1/2"]
[WhiteElo "2305"]
[BlackElo "1947"]
[PlyCount "102"]
[EventDate "1998.11.07"]

1. e4 d5 2. exd5 Qxd5 3. Nc3 Qa5 4. d4 Nf6 5. Nf3 c6 6. Bc4 Bg4 7. h3 Qh5 8.
Be2 e6 9. Bf4 Be7 10. O-O Bxf3 11. Bxf3 Qa5 12. Re1 O-O 13. Ne2 Rd8 14. c3 Bd6
15. Bxd6 Rxd6 16. b4 Qc7 17. Qb3 Rd8 18. g3 Nbd7 19. Bg4 e5 20. Rad1 exd4 21.
Nxd4 Ne5 22. Nf3 Nxf3+ 23. Bxf3 Rxd1 24. Qxd1 Rd8 25. Qe2 Kf8 26. Qe3 b6 27.
Bxc6 g6 28. b5 Qd6 29. c4 Qd2 30. Re2 Qd1+ 31. Re1 Qd2 32. Kg2 Rd3 33. Qe5 Kg7
34. g4 h6 35. Bd5 Qc3 36. Qxc3 Rxc3 37. Re3 Nxd5 38. cxd5 Rc5 39. Rd3 Kf8 40.
d6 Ke8 41. Re3+ Kd7 42. Re7+ Kxd6 43. Rxf7 Rxb5 44. Rxa7 Ke6 45. Rh7 h5 46. a4
Ra5 47. Rh6 Kf7 48. gxh5 gxh5 49. Kg3 Kg7 50. Rxb6 Rxa4 51. f3 Rc4 1/2-1/2